[Event "JPN-ch 46th"]
[Site "Tokyo"]
[Date "2013.05.05"]
[Round "11"]
[White "Kevork, Chris"]
[Black "Gonda, Gentaro"]
[Result "0-1"]
[WhiteElo "1892"]
[BlackElo "2078"]
[PlyCount "90"]
[EventDate "2013.05.01"]
[EventType "swiss"]
[EventRounds "11"]
[EventCountry "JPN"]
[SourceTitle "CBM 154 Extra"]
[Source "ChessBase"]
[SourceDate "2013.06.25"]
[SourceVersion "2"]
[SourceVersionDate "2013.06.25"]
[SourceQuality "1"]

1. d4 Nf6 2. c4 e6 3. Nc3 Bb4 4. Qc2 c5 5. e3 Nc6 6. Nf3 b6 7. a3 Bxc3+ 8. Qxc3 0-0 9. Bd3 Bb7 10. 0-0 Rc8 11. dxc5 bxc5 12. b3 Qe7 13. Bb2 d6 14. b4 Nb8 15. Nh4 Ne8 16. g3 Nd7 17. e4 Ne5 18. f4 cxb4 19. axb4 Nxc4 20. Rxa7 Nxb2 21. Qxb2 Qc7 22. Qd4 Ra8 23. Rfa1 Rxa7 24. Rxa7 Qc1+ 25. Kg2 Qd2+ 26. Kh3 e5 27. Qc4 d5 28. exd5 Nd6 29. Qc2 Bc8+ 30. f5 Qe3 31. Re7 Qd4 32. Qe2 f6 33. Kg2 Qxb4 34. Qc2 Bb7 35. Qc7 Bxd5+ 36. Kh3 Nf7 37. Rxf7 Bxf7 38. Qc6 Rd8 39. Be4 Qd6 40. Qc2 Bd5 41. Bxd5+ Qxd5 42. Qe2 e4 43. Qh5 Qd1 44. g4 Qf1+ 45. Ng2 Qf3+ 0-1

[Event "Doeberl Cup 49th"]
[Site "Canberra"]
[Date "2011.04.21"]
[Round "1"]
[White "Kevork, Chris"]
[Black "Steadman, Michael VR"]
[Result "0-1"]
[WhiteElo "1933"]
[BlackElo "2217"]
[PlyCount "74"]
[EventDate "2011.04.21"]
[EventType "swiss"]
[EventRounds "9"]
[EventCountry "AUS"]
[SourceTitle "CBM 141 Extra"]
[Source "ChessBase"]
[SourceDate "2011.05.03"]
[SourceVersion "1"]
[SourceVersionDate "2011.05.03"]
[SourceQuality "1"]

1. d4 e6 2. Nf3 f5 3. g3 Nf6 4. Bg2 d5 5. 0-0 Bd6 6. c4 c6 7. Nbd2 b6 8. Ne5 Bb7 9. Qc2 Ne4 10. f3 Nxd2 11. Bxd2 0-0 12. Rad1 c5 13. e3 Qc7 14. Rfe1 Bxe5 15. dxe5 Qxe5 16. Bc3 Qc7 17. cxd5 Bxd5 18. e4 fxe4 19. Rxe4 Nc6 20. Rh4 g6 21. Qxg6+ hxg6 22. Rh8+ Kf7 23. Rh7+ Ke8 24. Rxc7 Rf7 25. Rxf7 Kxf7 26. b3 a5 27. Bf1 a4 28. Bc4 axb3 29. axb3 Ne7 30. Rd2 Ra3 31. Bb2 Ra2 32. Kf2 Nf5 33. Ke2 Nd6 34. Kd3 b5 35. Bxd5 exd5 36. Be5 c4+ 37. bxc4 Rxd2+ 0-1

[Event "Doeberl Cup 48th"]
[Site "Canberra"]
[Date "2010.04.03"]
[Round "7"]
[White "Kevork, Chris"]
[Black "Bennett, Hilton Petrie"]
[Result "0-1"]
[WhiteElo "1831"]
[BlackElo "2001"]
[PlyCount "72"]
[EventDate "2010.04.01"]
[EventType "swiss"]
[EventRounds "9"]
[EventCountry "AUS"]
[SourceTitle "CBM 135 Extra"]
[Source "ChessBase"]
[SourceDate "2010.05.04"]
[SourceVersion "1"]
[SourceVersionDate "2010.05.04"]
[SourceQuality "1"]

1. d4 Nf6 2. Bg5 e6 3. e4 c5 4. Nc3 Qb6 5. Bxf6 gxf6 6. Nge2 Nc6 7. d5 Nd4 8. Qd3 Qxb2 9. Rb1 Qxc2 10. Nxd4 Qxd3 11. Bxd3 cxd4 12. Nb5 Kd8 13. Nxd4 Bc5 14. Ne2 b6 15. 0-0 Bb7 16. Nc3 Rc8 17. Na4 Bd4 18. Rfd1 Be5 19. g3 Ke7 20. f4 Bd4+ 21. Kf1 e5 22. Rb4 Rc7 23. Nb2 Rhc8 24. Nc4 d6 25. Nd2 Rc1 26. Rb1 Rxb1 27. Rxb1 exf4 28. Nf3 Be3 29. Nh4 Rc1+ 30. Ke2 Rxb1 31. Nf5+ Kd7 32. Bxb1 Bg1 33. Kf1 Bxh2 34. Kg2 Bxg3 35. Nxg3 fxg3 36. Kxg3 f5 0-1

[Event "Doeberl Cup 48th"]
[Site "Canberra"]
[Date "2010.04.03"]
[Round "5"]
[White "Kevork, Chris"]
[Black "Shi, Dawen"]
[Result "1-0"]
[WhiteElo "1831"]
[BlackElo "2009"]
[PlyCount "76"]
[EventDate "2010.04.01"]
[EventType "swiss"]
[EventRounds "9"]
[EventCountry "AUS"]
[SourceTitle "CBM 135 Extra"]
[Source "ChessBase"]
[SourceDate "2010.05.04"]
[SourceVersion "1"]
[SourceVersionDate "2010.05.04"]
[SourceQuality "1"]

1. e4 d5 2. exd5 Nf6 3. Bb5+ Bd7 4. Bc4 Bg4 5. f3 Bc8 6. Nc3 Nbd7 7. d4 Nb6 8. Bd3 Nbxd5 9. Nge2 g6 10. Bg5 Bg7 11. Qd2 h6 12. Bh4 c6 13. 0-0-0 Be6 14. Ne4 b6 15. c4 Nc7 16. Bf2 Rc8 17. Nf4 Qd7 18. h4 Nxe4 19. Bxe4 Bxc4 20. Qc2 Bd5 21. h5 g5 22. Nd3 0-0 23. Ne5 Qe6 24. Bf5 Qd6 25. Bg3 e6 26. Bh7+ Kh8 27. Nxf7+ Rxf7 28. Bxd6 Nb5 29. Be5 c5 30. Bg6 Rff8 31. Bxg7+ Kxg7 32. Kb1 Nxd4 33. Qc3 Rf4 34. Rhe1 a5 35. Be4 b5 36. Rxd4 b4 37. Qc2 c4 38. g3 Bxe4 1-0

[Event "Doeberl Cup 48th"]
[Site "Canberra"]
[Date "2010.04.02"]
[Round "4"]
[White "Milligan, Helen"]
[Black "Kevork, Chris"]
[Result "1-0"]
[WhiteElo "2016"]
[BlackElo "1831"]
[PlyCount "65"]
[EventDate "2010.04.01"]
[EventType "swiss"]
[EventRounds "9"]
[EventCountry "AUS"]
[SourceTitle "CBM 135 Extra"]
[Source "ChessBase"]
[SourceDate "2010.05.04"]
[SourceVersion "1"]
[SourceVersionDate "2010.05.04"]
[SourceQuality "1"]

1. e4 c5 2. Nf3 d6 3. Bb5+ Nd7 4. d4 cxd4 5. Qxd4 e5 6. Qd3 a6 7. Bxd7+ Bxd7 8. Nc3 Nf6 9. Bg5 Be6 10. 0-0 Rc8 11. Rfd1 Qc7 12. Bxf6 gxf6 13. Nh4 Qc4 14. Qf3 Rg8 15. Nf5 Kd7 16. Ne3 Qc5 17. Ncd5 Rg6 18. Nxf6+ Kc7 19. Rd3 Kb8 20. Rc3 Qb4 21. Rxc8+ Kxc8 22. b3 Qc3 23. Rd1 Bh6 24. Rd3 Qe1+ 25. Nf1 Bg7 26. Ne8 Bg4 27. Nxd6+ Kb8 28. Qxf7 Rxd6 29. Rxd6 Be2 30. h3 Bxf1 31. Qxg7 Bd3+ 32. Kh2 Bxe4 33. Qxe5 1-0

[Event "Doeberl Cup 48th"]
[Site "Canberra"]
[Date "2010.04.01"]
[Round "2"]
[White "Morriss, Pete R"]
[Black "Kevork, Chris"]
[Result "1-0"]
[WhiteElo "2027"]
[BlackElo "1831"]
[PlyCount "115"]
[EventDate "2010.04.01"]
[EventType "swiss"]
[EventRounds "9"]
[EventCountry "AUS"]
[SourceTitle "CBM 135 Extra"]
[Source "ChessBase"]
[SourceDate "2010.05.04"]
[SourceVersion "1"]
[SourceVersionDate "2010.05.04"]
[SourceQuality "1"]

1. e4 e6 2. d4 d5 3. Nc3 Bb4 4. e5 c5 5. a3 Bxc3+ 6. bxc3 Qc7 7. Bb5+ Bd7 8. Bxd7+ Nxd7 9. Ne2 Rc8 10. Rb1 Nb6 11. 0-0 Ne7 12. dxc5 Nc4 13. Nd4 Rb8 14. f4 Qxc5 15. Rb5 Qc8 16. f5 exf5 17. e6 0-0 18. Bf4 Nd6 19. Qf3 Qd8 20. Rxd5 Nxd5 21. Qxd5 Ne4 22. Qxf5 Nxc3 23. Bxb8 Qxd4+ 24. Kh1 f6 25. e7 Re8 26. Qe6+ Kh8 27. Be5 Qd5 28. Qd6 Qxd6 29. Bxd6 Kg8 30. Rf5 Kf7 31. g4 b6 32. Bb4 Ne4 33. Rf4 Ng5 34. Rd4 a5 35. Bd6 Ke6 36. Bc7 Rxe7 37. Bxb6 Rb7 38. Bxa5 Rb1+ 39. Kg2 Ra1 40. Bb4 Nf7 41. c4 Rc1 42. c5 h5 43. h3 h4 44. Rd3 Rc2+ 45. Rd2 Rc4 46. Kf2 Ng5 47. Rd3 Ne4+ 48. Ke3 Ke5 49. Rd7 g5 50. Kd3 Nxc5+ 51. Kxc4 Nxd7 52. a4 Nb6+ 53. Kb3 Nxa4 54. Kxa4 f5 55. gxf5 g4 56. hxg4 h3 57. Ba5 Kf4 58. Bc7+ 1-0

[Event "Canberra ANU op"]
[Site "Canberra"]
[Date "2007.07.28"]
[Round "4"]
[White "Kevork, Chris"]
[Black "Setiabudi, Allen"]
[Result "1-0"]
[WhiteElo "1816"]
[BlackElo "1618"]
[PlyCount "117"]
[EventDate "2007.07.28"]
[EventType "swiss"]
[EventRounds "7"]
[EventCountry "AUS"]
[SourceTitle "EXT 2010"]
[Source "ChessBase"]
[SourceDate "2010.11.25"]
[SourceVersion "1"]
[SourceVersionDate "2010.11.25"]
[SourceQuality "1"]

1. e4 c5 2. Nf3 e6 3. d4 cxd4 4. Nxd4 a6 5. Bd3 Nc6 6. Be3 Qc7 7. Qe2 Nf6 8. f4 d6 9. Nd2 Be7 10. 0-0-0 0-0 11. Kb1 b5 12. g4 Nxd4 13. Bxd4 e5 14. Bc3 Bxg4 15. Nf3 b4 16. Bxb4 Rab8 17. Ba3 d5 18. Bxe7 Qxe7 19. fxe5 Nxe4 20. Bxe4 dxe4 21. Qxe4 Bxf3 22. Qxf3 Qxe5 23. b3 Rfd8 24. Rde1 Qc7 25. Rhf1 Rbc8 26. Rf2 Rd6 27. c4 Rb8 28. Rb2 Qa5 29. Rf1 Rf6 30. Qg2 Rxf1+ 31. Qxf1 Re8 32. Re2 Rd8 33. Rc2 Qc5 34. Qe1 a5 35. Kb2 Rb8 36. a3 h6 37. Qc3 Kh7 38. Rg2 g6 39. Rd2 Kg8 40. Rd5 Qf2+ 41. Qd2 Qf6+ 42. Qd4 Qxd4+ 43. Rxd4 f5 44. Rd7 f4 45. Rd6 Kg7 46. Rd7+ Kf6 47. c5 f3 48. Rd3 Ke5 49. Rxf3 g5 50. Kc3 Ke4 51. Rf7 h5 52. b4 axb4+ 53. axb4 h4 54. Kc4 g4 55. c6 g3 56. hxg3 hxg3 57. Rg7 Rc8 58. b5 Ke5 59. Kc5 1-0

[Event "ACT-ch"]
[Site "Canberra"]
[Date "2004.09.29"]
[Round "11"]
[White "Bartlett, Stephen"]
[Black "Kevork, Chris"]
[Result "0-1"]
[WhiteElo "1766"]
[BlackElo "1825"]
[PlyCount "80"]
[EventDate "2004.07.??"]
[EventType "swiss"]
[EventRounds "11"]
[EventCountry "AUS"]
[SourceTitle "EXT 2006"]
[Source "ChessBase"]
[SourceDate "2005.11.24"]
[SourceVersion "1"]
[SourceVersionDate "2005.11.24"]
[SourceQuality "1"]

1. Nf3 Nf6 2. d4 e6 3. c4 Bb4+ 4. Bd2 Bxd2+ 5. Qxd2 b6 6. g3 Bb7 7. Bg2 0-0 8. 0-0 d6 9. Nc3 Nbd7 10. Qf4 Re8 11. Rad1 Qe7 12. Rfe1 a6 13. a3 Nf8 14. b4 Ng6 15. Qg5 h6 16. Qd2 Rad8 17. Qc2 c5 18. Na4 Be4 19. Qb2 cxb4 20. axb4 b5 21. cxb5 axb5 22. Nc3 Bc6 23. Ne5 Bxg2 24. Nxg6 Qb7 25. f3 Bxf3 26. exf3 fxg6 27. Qe2 Nh7 28. Qxb5 Qxf3 29. Rd3 Qf5 30. Rde3 d5 31. Re5 Qg4 32. Qd3 Ng5 33. Rf1 Rf8 34. Re3 Rxf1+ 35. Kxf1 Rf8+ 36. Kg2 Nh3 37. Qd1 Rf2+ 38. Kh1 Qf5 39. Re1 Rb2 40. Rf1 Nf2+ 0-1

[Event "ACT-ch"]
[Site "Canberra"]
[Date "2004.09.01"]
[Round "7"]
[White "Oliver, Shannon"]
[Black "Kevork, Chris"]
[Result "0-1"]
[WhiteElo "1657"]
[BlackElo "1825"]
[PlyCount "116"]
[EventDate "2004.07.??"]
[EventType "swiss"]
[EventRounds "11"]
[EventCountry "AUS"]
[SourceTitle "EXT 2006"]
[Source "ChessBase"]
[SourceDate "2005.11.24"]
[SourceVersion "1"]
[SourceVersionDate "2005.11.24"]
[SourceQuality "1"]

1. e4 c5 2. c3 Nf6 3. e5 Nd5 4. d4 cxd4 5. Nf3 Nc6 6. Bc4 Nb6 7. Bb3 d6 8. exd6 Qxd6 9. 0-0 g6 10. Qe2 d3 11. Qe3 Na5 12. Na3 a6 13. Rd1 Nxb3 14. axb3 Bg7 15. Rxd3 Qc7 16. Qg5 h6 17. Qa5 Bf5 18. Rd1 Rc8 19. Be3 Na8 20. Qa4+ Bd7 21. Qh4 Bf6 22. Qb4 g5 23. Bd4 0-0 24. Bxf6 exf6 25. Qd4 Be6 26. Qxf6 Bxb3 27. Rd3 Rcd8 28. Rxd8 Rxd8 29. Qxh6 Rd6 30. Qxg5+ Rg6 31. Qe3 Qc6 32. Re1 Nc7 33. g3 Qf6 34. Nd4 Be6 35. Nxe6 Nxe6 36. Nc4 Ng5 37. Ne5 Rg7 38. Qc5 Rh7 39. Rd1 Rh5 40. Rd5 Qf5 41. h4 Nf3+ 42. Kg2 Nxe5 43. f4 Qe4+ 44. Kf1 Qf3+ 45. Ke1 Qxg3+ 46. Kd1 Qxf4 47. Rd8+ Kh7 48. Qf8 Qg4+ 49. Kc1 Qf4+ 50. Kc2 Qf2+ 51. Kb3 Qb6+ 52. Kc2 Qg6+ 53. Kb3 Qg7 54. Qc5 Rxh4 55. Re8 Ng6 56. Qc7 Rh5 57. Rd8 Rb5+ 58. Kc2 Ne5 0-1

[Event "ACT-ch"]
[Site "Canberra"]
[Date "2004.08.18"]
[Round "5"]
[White "Kevork, Chris"]
[Black "Petersons, Haralds"]
[Result "0-1"]
[WhiteElo "1825"]
[BlackElo "1668"]
[PlyCount "78"]
[EventDate "2004.07.??"]
[EventType "swiss"]
[EventRounds "11"]
[EventCountry "AUS"]
[SourceTitle "EXT 2006"]
[Source "ChessBase"]
[SourceDate "2005.11.24"]
[SourceVersion "1"]
[SourceVersionDate "2005.11.24"]
[SourceQuality "1"]

1. e4 d6 2. d4 Nf6 3. Nc3 c6 4. Nge2 Bg4 5. Be3 e6 6. Qd2 a5 7. Ng3 e5 8. Bc4 Be7 9. a4 Na6 10. 0-0 0-0 11. f4 exf4 12. Rxf4 Be6 13. Be2 d5 14. e5 Nd7 15. Rff1 c5 16. dxc5 Naxc5 17. Bf4 Nb6 18. b3 Qc7 19. Nb5 Qc6 20. Nd4 Qd7 21. Bb5 Qc7 22. Bh6 Ne4 23. Nxe4 dxe4 24. Nxe6 fxe6 25. Rxf8+ Rxf8 26. Bf4 Nd5 27. Bg3 Bb4 28. Qe2 Qc5+ 29. Kh1 Nc3 30. Qg4 Nxb5 31. Qxe6+ Kh8 32. axb5 e3 33. Qg4 Qxc2 34. e6 e2 35. Rg1 Rf1 36. h4 Rxg1+ 37. Kxg1 Qd1+ 38. Be1 Qxe1+ 39. Kh2 Bd6+ 0-1